Optimizacin̤ del proceso de alquilacin̤ mediante la determinacin̤ de parm̀etros a partir del mťodo simplex en la refinera̕ de ECOPETROL S.A en Barrancabermeja
El props̤ito principal de este estudio fue demostrar la factibilidad tčnica de implementar un proceso de control avanzado en la unidad de reaccin̤ de la planta de alquilacin̤ de la refinera̕ de Ecopetrol S.A. (Barrancabermeja, Colombia). En la fase de ingeniera̕ conceptual se recolect ̤informacin̤...
Saved in:
| Andre forfattere: | , , , |
|---|---|
| Format: | Bog |
| Sprog: | spansk |
| Fag: | |
| Online adgang: | Optimizacin̤ del proceso de alquilacin̤ mediante la determinacin̤ de parm̀etros a partir del mťodo simplex en la refinera̕ de ECOPETROL S.A en Barrancabermeja |
| Tags: |
Tilføj Tag
Ingen Tags, Vær først til at tagge denne postø!
|
MARC
| LEADER | 00000nam a22000004a 4500 | ||
|---|---|---|---|
| 001 | vpro13905 | ||
| 005 | 20201223000000.0 | ||
| 008 | 180825s2018 ck # g## #001 0#spa#d | ||
| 020 | |||
| 022 | |a 2027-6745 | ||
| 040 | |a CO-BoINGC | ||
| 041 | 0 | |a spa | |
| 245 | 1 | 0 | |a Optimizacin̤ del proceso de alquilacin̤ mediante la determinacin̤ de parm̀etros a partir del mťodo simplex en la refinera̕ de ECOPETROL S.A en Barrancabermeja |
| 246 | |a Optimization of Alkylation Process through Determination of Parameters by Simplex Method in ECOPETROL S.A. Refinery (Barrancabermeja, Colombia) | ||
| 264 | |a Bogot ̀(Colombia) : |b Revista VirtualPRO, |c 2018 | ||
| 520 | 3 | |a El props̤ito principal de este estudio fue demostrar la factibilidad tčnica de implementar un proceso de control avanzado en la unidad de reaccin̤ de la planta de alquilacin̤ de la refinera̕ de Ecopetrol S.A. (Barrancabermeja, Colombia). En la fase de ingeniera̕ conceptual se recolect ̤informacin̤ del proceso, se establecieron objetivos, tecnologa̕s a aplicar, criterios de evaluacin̤ y cl̀culo de rentabilidad. En la etapa de ingeniera̕ bs̀ica se profundiz ̤el anl̀isis realizado en la ingeniera̕ conceptual. | |
| 650 | \ | \ | |a Industria petroqum̕ica |
| 650 | \ | \ | |a Petrochemical industry |
| 650 | \ | \ | |a industria petroqum̕ica |
| 650 | \ | \ | |a optimizacin̤ de procesos |
| 650 | \ | \ | |a control avanzado |
| 650 | \ | \ | |a automatizacin̤ |
| 650 | \ | \ | |a mťodo simplex |
| 650 | \ | \ | |a planta de alquilacin̤ |
| 650 | \ | \ | |a refinera̕ |
| 650 | \ | \ | |a Barrancabermeja |
| 650 | \ | \ | |a Colombia |
| 650 | \ | \ | |a petrochemical industry |
| 650 | \ | \ | |a process optimization |
| 650 | \ | \ | |a advanced control |
| 650 | \ | \ | |a automation |
| 650 | \ | \ | |a simplex method |
| 650 | \ | \ | |a alkylation plant |
| 650 | \ | \ | |a refinery |
| 650 | \ | \ | |a Barrancabermeja |
| 650 | \ | \ | |a Colombia |
| 700 | \ | \ | |a Urzola Paul |
| 700 | \ | \ | |a Siachoque Carlos |
| 700 | \ | \ | |a Pico Ludwing |
| 700 | \ | \ | |a Instituto Universitario de la Paz |
| 856 | |z Optimizacin̤ del proceso de alquilacin̤ mediante la determinacin̤ de parm̀etros a partir del mťodo simplex en la refinera̕ de ECOPETROL S.A en Barrancabermeja |u https://virtualpro.unach.elogim.com/biblioteca/optimizacion-del-proceso-de-alquilacion-mediante-la-determinacion-de-parametros-a-partir-del-metodo-simplex-en-la-refineria-de-ecopetrol-s-a-en-barrancabermeja | ||